00258 a2200121 4500001000700000020002200007040001100029100002100040240003200061245002700093300000700120362000900127195420 a978-85-8654-037-x cMagnum aLoude, Jean-Yves10aO fantasma do Tarrafallpor10aO fantasma do Tarrafal a480 a2012